| 000 | 01391nam a2200325 a 4500 | ||
|---|---|---|---|
| 999 |
_c103573 _d103573 |
||
| 003 | BLK | ||
| 005 | 20250527161057.0 | ||
| 008 | 180409b bul|||||r ||||||| ||bul|| | ||
| 010 | _aKNG00108650000 | ||
| 020 | _a954-657-432-5 | ||
| 040 | _aBLK | ||
| 041 |
_aBUL _cBUL |
||
| 080 |
_aБългарска литература _b821.163.2 _x-32 _z821.163.2-32 |
||
| 100 | 1 |
_aВазов, Иван Минчов _eпърви автор _9363396 |
|
| 139 |
_aВазов, Иван Минчов _bВ 15 |
||
| 245 | 1 | 0 |
_aЧичовци _bГалерия от типове и нрави бълг. в тур. време _cИван Вазов. |
| 250 | _a18. изд. | ||
| 257 | _aBGR | ||
| 260 |
_aСофия _bПАН _c2002 _fСофия : Балкан прес |
||
| 300 |
_a128 с. _c20 см |
||
| 380 | _aX | ||
| 490 |
_aПоредица Книги за ученика _9202156 |
||
| 500 | _a1. изд. 1917 изд. на печ. Военни известия в сер. Походна войнишка библиотека ; № 20 . - Съдържа и Невидимите връзки / Ангел Малинов ; Животопис ; Речник - Доп. тир. 2005. | ||
| 852 |
_aЦб 216478 _bЦб |
||
| 856 | 4 |
_qpdf _i0.00 _ldisable |
|
| 856 | 4 |
_qpdf _i0.00 _ldisable |
|
| 942 |
_cKNG _n0 _08 _s1 |
||
| 944 |
_aCR _c29.10.2003 _k30531 _lЦветелина Шанова |
||
| 999 | _d103573 | ||